Statistics for Poorest countries by GDP (PPP)

Click here to take the quiz!

General Stats

  • This quiz has been taken 28 times
  • The average score is 9 of 15

Answer Stats

GDP (PPP)Answer% Correct
$1,337DR congo
84%
$967Central African Republic
72%
$1,668Chad
72%
$1,364Somalia
72%
$836Burundi
68%
$1,629Eritrea
64%
$1,182South Sudan
64%
$1,505Niger
56%
$1,725Liberia
52%
$1,732Malawi
52%
$1,468Mozambique
52%
$1,931Sierra Leone
52%
$1,674Afghanistan
48%
$1,774Madagascar
44%
$2,190Guinea-Bissau
36%

Score Distribution

Percentile by Number Answered

Percent of People with Each Score

Your Score History

You have not taken this quiz